Panoráma Slovenská olympijská revue

Bibliographic Details
Other Authors: Zerer, Anton, 1950-2018 (Publishing director), Šimo, Marián, 1949- (Publishing director)
Format: Journal
Language:Slovak
English
PhysicalDescription:5 zv. 30 cm
Published: Bratislava Slovenský olympijský výbor 1996-2000
ISSN:1335-3500
Subjects:

MARC

LEADER 00000cas a2200000 a 4500
001 vtls008881167
003 SK-MaSNL
005 20260228162125.0
008 200319d19962000xo fr p r 0 0 b0slo|
022 |a 1335-3500 
035 |a (SVKBB03)vtls000053367 
040 |a ŠVKBB  |b slo  |c ŠVKBB  |d SNK  |e AACR2 
041 0 |a slo  |a eng 
072 7 |a 796  |x Šport. Hry. Telesné cvičenia  |2 konspekt 
080 |a 796  |2 2011 
080 |a 796.032.2  |2 2011 
080 |a 050  |2 2011 
080 |a (051)-048.55  |2 2011 
210 0 |a Panoráma  |b (Bratisl.) 
222 0 |a Panoráma  |b (Bratislava) 
245 0 0 |a Panoráma  |b Slovenská olympijská revue 
246 1 1 |a Panoráma  |b Slovak Olymic Review 
260 |a Bratislava  |b Slovenský olympijský výbor  |c 1996-2000 
300 |a 5 zv.  |c 30 cm 
310 |a 2x ročne 
362 |a No 1-2, (1996)-[vol. V., No.1(2000)] 
500 |a Zodp. red.: 1996-1997, Ľudovít Švenk 
500 |a Reg. číslo: 1468/96 
500 |a Šéfredaktor: 1998-1999, Marián Šimo ; 2000, Anton Zerer 
515 |a Niektoré čísla vychádzajú ako dvojčíslo 
650 0 7 |a šport  |2 SNKPH  |9 1042 
650 0 7 |a olympijské hry  |2 SNKPH  |9 3300 
655 7 |a špecializované časopisy  |2 SNKPH  |9 70509 
700 1 |a Zerer, Anton,  |d 1950-2018  |4 pbd  |9 126169 
700 1 |a Švenk, Ľudovít,  |d 1937-2001  |4 lso  |9 226949 
700 1 |a Šimo, Marián,  |d 1949-  |4 pbd  |9 110441 
910 |a snk 
999 |c 6873  |d 8803 
952 |0 0  |1 0  |4 0  |7 0  |8 0  |a SNK  |b SNK  |d 2019-03-21  |f 1  |i snk2019/7726  |l 0  |o snkČSB 7008/1996  |p 17A1344067  |r 2026-02-21 21:50:54  |t č. 1-2  |w 2026-02-21  |y PREZ 
952 |0 0  |1 0  |4 0  |7 0  |8 0  |a SNK  |b SNK  |d 2019-03-21  |i snk2019/7727  |l 0  |o snkČSB 7008/1996 D1  |p 17A1344066  |r 2026-02-21 21:50:54  |t č. 1-2  |w 2026-02-21  |y PREZ 
952 |0 0  |1 0  |4 0  |7 0  |8 0  |a SNK  |b SNK  |d 2019-03-21  |f 1  |i snk2019/7732  |l 0  |o snkČSB 7008/2/1997  |p 17A1344045  |r 2026-02-21 21:50:54  |t č. 1-2  |w 2026-02-21  |y PREZ 
952 |0 0  |1 0  |4 0  |7 0  |8 0  |a SNK  |b SNK  |d 2019-03-21  |i snk2019/7734  |l 0  |o snkČSB 7008/2/1997 D1  |p 17A1344065  |r 2026-02-21 21:50:54  |t č. 1-2  |w 2026-02-21  |y PREZ 
952 |0 0  |1 0  |4 0  |7 0  |8 0  |a SNK  |b SNK  |d 2019-03-21  |f 1  |i snk2019/7735  |l 0  |o snkČSB 7008/3/1998  |p 17A1344046  |r 2026-02-21 21:50:54  |t č. 1-2  |w 2026-02-21  |y PREZ 
952 |0 0  |1 0  |4 0  |7 0  |8 0  |a SNK  |b SNK  |d 2019-03-21  |i snk2019/7736  |l 0  |o snkČSB 7008/3/1998 D1  |p 17A1344064  |r 2026-02-21 21:50:54  |t č. 1-2  |w 2026-02-21  |y PREZ 
952 |0 0  |1 0  |4 0  |7 0  |8 0  |a SNK  |b SNK  |d 2019-03-21  |f 1  |i snk2019/7738  |l 0  |o snkČSB 7008/4/1999  |p 17A1344063  |r 2026-02-21 21:50:54  |t č. 1-2  |w 2026-02-21  |y PREZ 
952 |0 0  |1 0  |4 0  |7 0  |8 0  |a SNK  |b SNK  |d 2019-03-21  |i snk2019/7739  |l 0  |o snkČSB 7008/4/1999 D1  |p 17A1344062  |r 2026-02-21 21:50:55  |t č. 1-2  |w 2026-02-21  |y PREZ 
952 |0 0  |1 0  |4 0  |7 0  |8 0  |a SNK  |b SNK  |d 2019-03-21  |f 1  |i snk2019/7740  |l 0  |o snkČSB 7008/5/2000  |p 17A1344061  |r 2026-02-21 21:50:55  |t č. 1  |w 2026-02-21  |y PREZ 
952 |0 0  |1 0  |4 0  |7 0  |8 0  |a SNK  |b SNK  |d 2019-03-21  |i snk2019/7742  |l 0  |o snkČSB 7008/5/2000 D1  |p 17A1344060  |r 2026-02-21 21:50:55  |t č. 1  |w 2026-02-21  |y PREZ